Reálie rusky hovoriacich krajín a Slovenska
Gespeichert in:
| 1. Verfasser: | |
|---|---|
| Körperschaft: | |
| Weitere Verfasser: | , |
| Format: | Buch |
| Sprache: | Russisch Slowakisch |
| Veröffentlicht: |
Bratislava
Vydavateľstvo EKONÓM
2006
|
| Schlagworte: | |
| Tags: |
Keine Tags, Fügen Sie das erste Tag hinzu!
|
MARC
| LEADER | 00000nam$a2200000$$$4500 | ||
|---|---|---|---|
| 001 | 0051963 | ||
| 005 | 20240502071615.0 | ||
| 020 | |a 80-225-2281-3 | ||
| 020 | |a 978-80-225-2281-6 | ||
| 041 | 0 | |a rus | |
| 041 | 0 | |a slo | |
| 044 | |a SK | ||
| 245 | 1 | 0 | |a Reálie rusky hovoriacich krajín a Slovenska |c Katarína Strelková, Alexandr V. Koreňkov, Tatjana V. Koreňková |
| 264 | 1 | |a Bratislava |b Vydavateľstvo EKONÓM |c 2006 | |
| 300 | |a 211 s. | ||
| 610 | 2 | 0 | |a jazykoveda |
| 610 | 2 | 0 | |a terminológia |
| 610 | 2 | 0 | |a geografia |
| 610 | 2 | 0 | |a systémy politické |
| 610 | 2 | 0 | |a financie |
| 610 | 2 | 0 | |a bankovníctvo |
| 610 | 2 | 0 | |a dejiny |
| 610 | 2 | 0 | |a Slovensko |
| 610 | 2 | 0 | |a Rusko |
| 610 | 2 | 0 | |a Európska únia |
| 100 | 1 | |a Strelková, Katarína | |
| 700 | 1 | |a Koreňkov, Alexandr V. | |
| 700 | 1 | |a Koreňková, Tatjana V. | |
| 710 | 2 | |a Ekonomická univerzita v Bratislave. Ústav jazykov | |